IRRIGATION AND WATER POWER ENGINEERING (Record no. 17531)
[ view plain ]
| 000 -LEADER | |
|---|---|
| fixed length control field | 00441nam a22001697a 4500 |
| 003 - CONTROL NUMBER IDENTIFIER | |
| control field | OSt |
| 008 - FIXED-LENGTH DATA ELEMENTS--GENERAL INFORMATION | |
| fixed length control field | 220718b |||||||| |||| 00| 0 eng d |
| 020 ## - INTERNATIONAL STANDARD BOOK NUMBER | |
| ISBN | 9788131807637 |
| 082 ## - DEWEY DECIMAL CLASSIFICATION NUMBER | |
| Classification number | 627.52 |
| Item number | PUN/IR |
| 100 ## - MAIN ENTRY--AUTHOR NAME | |
| Personal name | PUNMIA, B C |
| 245 ## - TITLE STATEMENT | |
| Title | IRRIGATION AND WATER POWER ENGINEERING |
| 250 ## - EDITION STATEMENT | |
| Edition statement | 16 ed. |
| 260 ## - PUBLICATION, DISTRIBUTION, ETC. (IMPRINT) | |
| Place of publication | ;BENGALURU |
| Name of publisher | :LAXMI PUBLICATIONS (P) LTD. |
| Year of publication | ,2020 |
| 300 ## - PHYSICAL DESCRIPTION | |
| Number of Pages | XVI + 964 |
| Other physical details | IMAGES |
| 650 ## - SUBJECT ADDED ENTRY--TOPICAL TERM | |
| Topical Term | IRRIGATION |
| 942 ## - ADDED ENTRY ELEMENTS (KOHA) | |
| Koha item type | Books |
| Withdrawn status | Lost status | Damaged status | Home library | Current library | Shelving location | Date acquired | Source of acquisition | Cost, normal purchase price | Full call number | Accession Number | Koha item type |
|---|---|---|---|---|---|---|---|---|---|---|---|
| KAUAET | KAUAET | Scheme | 11/07/2022 | TBS PUBLISHERS AND DISTRIBUTERS | 849.00 | 627.52 PUN/IR | BB 638 | Book Bank scheme for SC students |
